<?xml version="1.0" encoding="UTF-8"?>
<marc:record xmlns:marc="http://www.loc.gov/MARC21/slim">
   <marc:leader>00000nam a2200000 a 4500</marc:leader>
   <marc:datafield ind1="1" ind2=" " tag="100">
      <marc:subfield code="a">Günther, Sybille</marc:subfield>
      <marc:subfield code="4">aut</marc:subfield>
      <marc:subfield code="e">Verfasser/-in</marc:subfield>
   </marc:datafield>
   <marc:datafield ind1="1" ind2=" " tag="100">
      <marc:subfield code="a">Schlag, Kirsten</marc:subfield>
      <marc:subfield code="4">ill</marc:subfield>
      <marc:subfield code="e">Illustrator/-in</marc:subfield>
   </marc:datafield>
   <marc:datafield ind1=" " ind2=" " tag="653">
      <marc:subfield code="a">Kindergeburtstag</marc:subfield>
   </marc:datafield>
   <marc:datafield ind1=" " ind2=" " tag="653">
      <marc:subfield code="a">Kinderspiel</marc:subfield>
   </marc:datafield>
   <marc:datafield ind1=" " ind2=" " tag="653">
      <marc:subfield code="a">Sachbilderbücher/Sonstiges</marc:subfield>
   </marc:datafield>
   <marc:datafield ind1=" " ind2=" " tag="653">
      <marc:subfield code="a">Beispielsammlung</marc:subfield>
   </marc:datafield>
   <marc:datafield ind1="0" ind2="0" tag="245">
      <marc:subfield code="a">Kinder, wir feiern Geburtstag!</marc:subfield>
   </marc:datafield>
   <marc:datafield ind1="0" ind2="0" tag="245">
      <marc:subfield code="b">150 verspielte Ideen für gelungene Geburtstagsfeste</marc:subfield>
   </marc:datafield>
   <marc:datafield ind1="0" ind2="0" tag="245">
      <marc:subfield code="c">Sybille Günther. Ill. von Kirsten Schlag</marc:subfield>
   </marc:datafield>
   <marc:datafield ind1=" " ind2="1" tag="264">
      <marc:subfield code="a">Münster</marc:subfield>
      <marc:subfield code="b">Ökotopia-Verl.</marc:subfield>
      <marc:subfield code="c">2007</marc:subfield>
   </marc:datafield>
   <marc:datafield ind1="1" ind2=" " tag="490">
      <marc:subfield code="a">Kinder feiern Feste</marc:subfield>
   </marc:datafield>
   <marc:datafield ind1="1" ind2=" " tag="520">
      <marc:subfield code="a">Angaben aus der Verlagsmeldung

Kinder, wir feiern Geburtstag : 150 verspielte Ideen für gelungene Geburtstagsfeste / von Sybille Günther

Kinder, wir feiern Geburtstag, heißt es in diesem Buch. Alles Gute zum Geburtstag bietet es all jenen, die mit Kindern ein gelungenes, fröhliches Geburtstagsfest organisieren wollen - im Kindergarten, in der Schule und Zuhause. Das Buch steckt voller Ideen: Von klassischen Geburtstagsfesten mit all seinen Dauerbrennern für jede Altersgruppe geht es über Themengeburtstage (ob für Prinzessinnen, Piraten, WesternheldInnen oder Zirkuskinder ...) bis hin zur Übernachtungsparty mit Filmnacht und selbst gedrehtem Musikvideo. Wertvolle Hilfen und Tipps sorgen dafür, dass Planung und Vorbereitungen mit wenig Aufwand umsetzbar sind:
- Ein gezielter Fragenkatalog ermöglicht es, den Geburtstag individuell zu planen.
- Die Geburtstagsbeispiele für jedes Alter veranschaulichen die Herangehensweise.
- Eine Checkliste am Anfang jedes Beispiels verrät auf einen Blick, was zur Durchführung gebraucht wird.
Alles in allem ein Buch, mit dem jeder Geburtstag „rund“ wird!
</marc:subfield>
   </marc:datafield>
   <marc:datafield ind1=" " ind2=" " tag="020">
      <marc:subfield code="a">9783867020237</marc:subfield>
      <marc:subfield code="9">9783867020237</marc:subfield>
   </marc:datafield>
   <marc:datafield ind1=" " ind2=" " tag="041">
      <marc:subfield code="a">ger</marc:subfield>
   </marc:datafield>
   <marc:datafield ind1=" " ind2=" " tag="300">
      <marc:subfield code="a">110 S.</marc:subfield>
   </marc:datafield>
</marc:record>
